Viral pollution of the environment / (Record no. 12266)
[ view plain ]
| 000 -LEADER | |
|---|---|
| fixed length control field | 00496pam a2200193 a 4500 |
| 020 ## - INTERNATIONAL STANDARD BOOK NUMBER | |
| ISBN | 0849362458 |
| 040 ## - CATALOGING SOURCE | |
| Transcribing agency | DLC |
| 082 00 - DEWEY DECIMAL CLASSIFICATION NUMBER | |
| Classification number | 628 CRC 1983 A042 Or. |
| 245 00 - TITLE STATEMENT | |
| Title | Viral pollution of the environment / |
| 260 ## - PUBLICATION, DISTRIBUTION, ETC. (IMPRINT) | |
| Place of publication | Boca Raton, Fla. : |
| Name of publisher | CRC Press, |
| Year of publication | c1983. |
| 300 ## - PHYSICAL DESCRIPTION | |
| Number of Pages | 241 p. : |
| Other physical details | ill. ; |
| Dimensions | 26 cm. |
| 650 #0 - SUBJECT ADDED ENTRY--TOPICAL TERM | |
| Topical Term | Viral pollution of water. |
| 650 #0 - SUBJECT ADDED ENTRY--TOPICAL TERM | |
| Topical Term | Water |
| 650 #2 - SUBJECT ADDED ENTRY--TOPICAL TERM | |
| Topical Term | Viruses. |
| 650 #2 - SUBJECT ADDED ENTRY--TOPICAL TERM | |
| Topical Term | Water microbiology. |
| 650 #2 - SUBJECT ADDED ENTRY--TOPICAL TERM | |
| Topical Term | Water pollution. |
| 700 1# - ADDED ENTRY--PERSONAL NAME | |
| Personal name | Berg, Gerald, |
| 942 ## - ADDED ENTRY ELEMENTS (KOHA) | |
| Koha item type | សៀវភៅភាសាអង់គ្លេស |
| 952 ## - LOCATION AND ITEM INFORMATION (KOHA) | |
| Withdrawn status [LOCAL, KOHA] | 0 |
| Permanent Location | Date acquired | Koha item type | Lost status | Shelving location | Barcode | Current Location | Full call number |
|---|---|---|---|---|---|---|---|
| Library Block A | 2017-08-11 | សៀវភៅភាសាអង់គ្លេស | A042 | A16171 | Library Block A | 628 CRC 1983 A042 Or. |